[Event "Blondes - Brunettes"]
[Site "Moscow"]
[Date "2020.03.15"]
[Round "6.6"]
[White "Zhukova, Natalia"]
[Black "Shuvalova, Polina"]
[Result "0-1"]
[BlackElo "2319"]
[WhiteElo "2423"]
[LiveChessVersion "1.4.8"]

1. c4 {[%clk 0:03:03]} Nf6 {[%clk 0:03:04]} 2. Nc3 {[%clk 0:03:03]} e6
{[%clk 0:03:05]} 3. e4 {[%clk 0:03:02]} d5 {[%clk 0:03:06]} 4. cxd5
{[%clk 0:03:02]} exd5 {[%clk 0:03:07]} 5. e5 {[%clk 0:03:03]} Ne4
{[%clk 0:03:09]} 6. Nf3 {[%clk 0:03:03]} Nxc3 {[%clk 0:03:08]} 7. bxc3
{[%clk 0:02:59]} c5 {[%clk 0:03:06]} 8. d4 {[%clk 0:02:59]} Bf5 {[%clk 0:03:01]}
9. Bd3 {[%clk 0:02:57]} Bxd3 {[%clk 0:02:59]} 10. Qxd3 {[%clk 0:02:58]} cxd4
{[%clk 0:02:52]} 11. Nxd4 {[%clk 0:02:48]} Nc6 {[%clk 0:02:51]} 12. O-O
{[%clk 0:02:38]} Bc5 {[%clk 0:02:35]} 13. Qg3 {[%clk 0:02:10]} g6
{[%clk 0:02:05]} 14. e6 {[%clk 0:01:46]} Bxd4 {[%clk 0:01:33]} 15. exf7+
{[%clk 0:01:33]} Kxf7 {[%clk 0:01:33]} 16. cxd4 {[%clk 0:01:34]} Re8
{[%clk 0:01:30]} 17. Bg5 {[%clk 0:01:23]} Qd7 {[%clk 0:01:27]} 18. h4
{[%clk 0:01:10]} Re4 {[%clk 0:01:06]} 19. f3 {[%clk 0:00:46]} Re2
{[%clk 0:00:49]} 20. h5 {[%clk 0:00:38]} Rae8 {[%clk 0:00:40]} 21. Rae1
{[%clk 0:00:25]} Rxe1 {[%clk 0:00:17]} 22. Rxe1 {[%clk 0:00:27]} Rxe1+
{[%clk 0:00:17]} 23. Qxe1 {[%clk 0:00:27]} Qf5 {[%clk 0:00:07]} 24. hxg6+
{[%clk 0:00:24]} hxg6 {[%clk 0:00:07]} 25. Be3 {[%clk 0:00:23]} Qd3
{[%clk 0:00:08]} 26. Qf2 {[%clk 0:00:23]} Qd1+ {[%clk 0:00:06]} 27. Kh2
{[%clk 0:00:24]} Qd3 {[%clk 0:00:07]} 28. g4 {[%clk 0:00:24]} a5 {[%clk 0:00:07]}
29. Kg3 {[%clk 0:00:25]} a4 {[%clk 0:00:09]} 30. g5 {[%clk 0:00:06]} Ne7
{[%clk 0:00:09]} 31. Kg2 {[%clk 0:00:05]} Nf5 {[%clk 0:00:11]} 32. Bf4
{[%clk 0:00:04]} Qxd4 {[%clk 0:00:09]} 33. Qxd4 {[%clk 0:00:00]} 0-1

[Event "Blondes - Brunettes"]
[Site "Moscow"]
[Date "2020.03.15"]
[Round "6.7"]
[White "Maltsevskaya, Aleksandra"]
[Black "Dordzhieva, Dinara"]
[Result "0-1"]
[BlackElo "2273"]
[WhiteElo "2306"]
[LiveChessVersion "1.4.8"]

1. e4 {[%clk 0:03:01]} c5 {[%clk 0:03:03]} 2. Nf3 {[%clk 0:03:01]} d6
{[%clk 0:03:04]} 3. d4 {[%clk 0:03:01]} cxd4 {[%clk 0:03:05]} 4. Nxd4
{[%clk 0:03:01]} Nf6 {[%clk 0:03:07]} 5. Nc3 {[%clk 0:03:02]} a6 {[%clk 0:03:08]}
6. Qd3 {[%clk 0:03:02]} e6 {[%clk 0:03:03]} 7. Bg5 {[%clk 0:03:00]} Nbd7
{[%clk 0:03:00]} 8. O-O-O {[%clk 0:02:57]} Qc7 {[%clk 0:02:59]} 9. Be2
{[%clk 0:02:57]} b5 {[%clk 0:02:57]} 10. a3 {[%clk 0:02:45]} Bb7 {[%clk 0:02:51]}
11. f3 {[%clk 0:02:45]} Ne5 {[%clk 0:02:50]} 12. Qd2 {[%clk 0:02:42]} Nfd7
{[%clk 0:02:24]} 13. Kb1 {[%clk 0:02:20]} Rc8 {[%clk 0:02:25]} 14. g4
{[%clk 0:02:08]} Nc4 {[%clk 0:02:22]} 15. Bxc4 {[%clk 0:02:08]} Qxc4
{[%clk 0:02:23]} 16. Nb3 {[%clk 0:02:02]} Qc7 {[%clk 0:02:15]} 17. Bf4
{[%clk 0:02:00]} Ne5 {[%clk 0:02:02]} 18. h4 {[%clk 0:00:41]} Nxf3
{[%clk 0:01:44]} 19. Qf2 {[%clk 0:00:38]} Ne5 {[%clk 0:01:41]} 20. g5
{[%clk 0:00:38]} Nc4 {[%clk 0:01:35]} 21. Rhf1 {[%clk 0:00:16]} Nxb2
{[%clk 0:01:30]} 22. Kxb2 {[%clk 0:00:04]} Qxc3+ {[%clk 0:01:31]} 23. Kc1
{[%clk 0:00:03]} Bxe4 {[%clk 0:01:20]} 24. Nd4 {[%clk 0:00:03]} Qxa3+
{[%clk 0:00:40]} 25. Kd2 Qc3+ 26. Ke2 {[%clk 0:00:04]} Bg6 {[%clk 0:00:41]} 27.
Be3 {[%clk 0:00:05]} Bh5+ {[%clk 0:00:40]} 28. Nf3 {[%clk 0:00:04]} Be7
{[%clk 0:00:40]} 29. Rd2 {[%clk 0:00:03]} O-O {[%clk 0:00:40]} 30. Ke1
{[%clk 0:00:03]} d5 {[%clk 0:00:41]} 31. Nd4 {[%clk 0:00:03]} Qa1+
{[%clk 0:00:42]} 0-1

[Event "Blondes - Brunettes"]
[Site "Moscow"]
[Date "2020.03.15"]
[Round "6.8"]
[White "Danielian, Elina"]
[Black "Guseva, Marina"]
[Result "1-0"]
[BlackElo "2259"]
[WhiteElo "2262"]
[LiveChessVersion "1.4.8"]

1. d4 {[%clk 0:03:03]} Nf6 {[%clk 0:03:03]} 2. Bg5 {[%clk 0:03:05]} d5
{[%clk 0:03:03]} 3. Bxf6 {[%clk 0:03:05]} exf6 {[%clk 0:03:03]} 4. e3
{[%clk 0:03:07]} c6 {[%clk 0:02:54]} 5. g3 {[%clk 0:03:07]} Bd6 {[%clk 0:02:55]}
6. Bg2 {[%clk 0:03:08]} f5 {[%clk 0:02:55]} 7. Ne2 {[%clk 0:03:09]} Nd7
{[%clk 0:02:56]} 8. b3 {[%clk 0:03:06]} Nf6 {[%clk 0:02:56]} 9. c4
{[%clk 0:03:01]} dxc4 {[%clk 0:02:47]} 10. bxc4 {[%clk 0:03:02]} O-O
{[%clk 0:02:44]} 11. O-O {[%clk 0:03:01]} Qe7 {[%clk 0:02:44]} 12. Nbc3
{[%clk 0:02:59]} Bd7 {[%clk 0:02:40]} 13. c5 {[%clk 0:02:48]} Bc7
{[%clk 0:02:37]} 14. Rb1 {[%clk 0:02:37]} b6 {[%clk 0:01:49]} 15. Qa4
{[%clk 0:02:25]} b5 {[%clk 0:01:35]} 16. Qc2 {[%clk 0:01:43]} a5 {[%clk 0:01:31]}
17. d5 {[%clk 0:01:34]} cxd5 {[%clk 0:01:04]} 18. Nxb5 {[%clk 0:00:41]} Bxb5
{[%clk 0:00:51]} 19. Rxb5 {[%clk 0:00:42]} Ne4 {[%clk 0:00:49]} 20. Nd4
{[%clk 0:00:36]} g6 {[%clk 0:00:44]} 21. Rc1 {[%clk 0:00:35]} Rfc8
{[%clk 0:00:41]} 22. Qb3 {[%clk 0:00:24]} Be5 {[%clk 0:00:04]} 23. Qxd5
{[%clk 0:00:20]} Rd8 {[%clk 0:00:05]} 24. Nc6 {[%clk 0:00:20]} 1-0

[Event "Blondes - Brunettes"]
[Site "Moscow"]
[Date "2020.03.15"]
[Round "6.9"]
[White "Girya, Olga"]
[Black "Mirzoeva, Elmira"]
[Result "1-0"]
[BlackElo "2135"]
[WhiteElo "2250"]
[LiveChessVersion "1.4.8"]

1. d4 {[%clk 0:03:03]} d6 {[%clk 0:03:03]} 2. e4 {[%clk 0:03:04]} Nf6
{[%clk 0:03:04]} 3. Bd3 {[%clk 0:03:00]} e5 {[%clk 0:03:03]} 4. c3
{[%clk 0:03:01]} Nc6 {[%clk 0:03:01]} 5. Nf3 {[%clk 0:02:56]} g6 {[%clk 0:02:58]}
6. O-O {[%clk 0:02:55]} Bg7 {[%clk 0:02:59]} 7. Nbd2 {[%clk 0:02:50]} O-O
{[%clk 0:02:58]} 8. Re1 {[%clk 0:02:46]} Bd7 {[%clk 0:02:45]} 9. dxe5
{[%clk 0:02:36]} Nxe5 {[%clk 0:02:41]} 10. Nxe5 {[%clk 0:02:36]} dxe5
{[%clk 0:02:42]} 11. Nc4 {[%clk 0:02:29]} Re8 {[%clk 0:02:32]} 12. a4
{[%clk 0:02:13]} Bc6 {[%clk 0:02:26]} 13. Qc2 {[%clk 0:02:13]} b6
{[%clk 0:02:27]} 14. Bg5 {[%clk 0:02:00]} Qc8 {[%clk 0:02:14]} 15. a5
{[%clk 0:01:48]} Nd7 {[%clk 0:01:59]} 16. b4 {[%clk 0:01:28]} Nf8
{[%clk 0:01:53]} 17. Bf1 {[%clk 0:01:04]} Ne6 {[%clk 0:01:29]} 18. Be3
{[%clk 0:01:05]} Qd7 {[%clk 0:01:24]} 19. Rad1 {[%clk 0:01:01]} Qe7
{[%clk 0:01:25]} 20. f3 {[%clk 0:00:54]} Bf6 {[%clk 0:01:23]} 21. Qf2
{[%clk 0:00:33]} Ba4 {[%clk 0:01:17]} 22. Rd2 {[%clk 0:00:31]} Red8
{[%clk 0:01:16]} 23. Nb2 {[%clk 0:00:26]} Bc6 {[%clk 0:01:15]} 24. b5
{[%clk 0:00:23]} Bb7 {[%clk 0:01:14]} 25. a6 {[%clk 0:00:24]} Bc8
{[%clk 0:01:06]} 26. Rxd8+ {[%clk 0:00:22]} Nxd8 {[%clk 0:01:03]} 27. Rd1
{[%clk 0:00:22]} Bd7 {[%clk 0:00:47]} 28. c4 {[%clk 0:00:22]} Ne6
{[%clk 0:00:45]} 29. Nd3 {[%clk 0:00:22]} Nd4 {[%clk 0:00:45]} 30. Bxd4
{[%clk 0:00:19]} exd4 {[%clk 0:00:46]} 31. e5 {[%clk 0:00:20]} Bg7
{[%clk 0:00:25]} 32. Qxd4 {[%clk 0:00:20]} Bf5 {[%clk 0:00:24]} 33. Re1
{[%clk 0:00:10]} Rd8 {[%clk 0:00:24]} 34. Qe3 {[%clk 0:00:11]} Bf8
{[%clk 0:00:23]} 35. Kh1 {[%clk 0:00:10]} Qa3 {[%clk 0:00:24]} 36. Nf2
{[%clk 0:00:08]} Qxe3 {[%clk 0:00:24]} 37. Rxe3 {[%clk 0:00:09]} Bc5
{[%clk 0:00:25]} 38. Re2 {[%clk 0:00:10]} Bxf2 {[%clk 0:00:09]} 39. Rxf2
{[%clk 0:00:11]} Rd1 {[%clk 0:00:11]} 40. g4 {[%clk 0:00:09]} Bd3
{[%clk 0:00:10]} 41. Kg2 {[%clk 0:00:11]} Bxf1+ {[%clk 0:00:09]} 42. Rxf1
{[%clk 0:00:12]} Rd2+ {[%clk 0:00:10]} 43. Rf2 {[%clk 0:00:13]} Rd4
{[%clk 0:00:11]} 44. Rc2 {[%clk 0:00:14]} Kf8 {[%clk 0:00:10]} 45. c5
{[%clk 0:00:14]} Rb4 {[%clk 0:00:09]} 46. cxb6 {[%clk 0:00:14]} cxb6
{[%clk 0:00:11]} 47. Rc8+ {[%clk 0:00:15]} Kg7 {[%clk 0:00:12]} 48. Rc7
{[%clk 0:00:16]} Rxb5 {[%clk 0:00:13]} 49. e6 {[%clk 0:00:18]} Kf8
{[%clk 0:00:14]} 50. Rxf7+ {[%clk 0:00:17]} Ke8 {[%clk 0:00:15]} 51. Rxh7
{[%clk 0:00:17]} Re5 {[%clk 0:00:15]} 52. Rxa7 {[%clk 0:00:17]} Rxe6
{[%clk 0:00:17]} 53. Rb7 {[%clk 0:00:18]} Re2+ {[%clk 0:00:16]} 54. Kg3
{[%clk 0:00:19]} Ra2 {[%clk 0:00:17]} 55. a7 {[%clk 0:00:20]} 1-0

[Event "Blondes - Brunettes"]
[Site "Moscow"]
[Date "2020.03.15"]
[Round "6.10"]
[White "Kovalevskaya, Ekaterina"]
[Black "Kosteniuk, Oksana"]
[Result "1-0"]
[BlackElo "1927"]
[WhiteElo "2243"]
[LiveChessVersion "1.4.8"]

1. Nf3 {[%clk 0:03:02]} d5 {[%clk 0:03:01]} 2. g3 {[%clk 0:03:03]} c5
{[%clk 0:03:00]} 3. Bg2 {[%clk 0:03:02]} Nc6 {[%clk 0:03:00]} 4. d4
{[%clk 0:03:03]} e6 {[%clk 0:02:53]} 5. O-O {[%clk 0:03:01]} Nf6 {[%clk 0:02:53]}
6. c4 {[%clk 0:02:53]} dxc4 {[%clk 0:02:36]} 7. Ne5 {[%clk 0:02:49]} Bd7
{[%clk 0:02:04]} 8. Nxd7 {[%clk 0:02:22]} Qxd7 {[%clk 0:01:58]} 9. dxc5
{[%clk 0:02:21]} Bxc5 {[%clk 0:01:53]} 10. Qc2 {[%clk 0:01:56]} O-O
{[%clk 0:01:34]} 11. Qxc4 {[%clk 0:01:54]} Bb6 {[%clk 0:01:23]} 12. Nc3
{[%clk 0:01:51]} Rac8 {[%clk 0:01:19]} 13. Qa4 {[%clk 0:01:44]} Qd4
{[%clk 0:01:09]} 14. Bg5 {[%clk 0:01:30]} Qxa4 {[%clk 0:00:35]} 15. Nxa4
{[%clk 0:01:30]} Bd4 {[%clk 0:00:29]} 16. e3 {[%clk 0:01:24]} Be5
{[%clk 0:00:28]} 17. f4 {[%clk 0:01:16]} Bd6 {[%clk 0:00:27]} 18. Rfd1
{[%clk 0:01:11]} Be7 {[%clk 0:00:22]} 19. Rac1 {[%clk 0:00:46]} Nb4
{[%clk 0:00:22]} 20. Bxb7 {[%clk 0:00:37]} Rxc1 {[%clk 0:00:21]} 21. Rxc1
{[%clk 0:00:38]} Nxa2 {[%clk 0:00:21]} 22. Rc7 {[%clk 0:00:34]} Bd8
{[%clk 0:00:17]} 23. Rc8 {[%clk 0:00:32]} h6 {[%clk 0:00:15]} 24. Bxf6
{[%clk 0:00:29]} Bxf6 {[%clk 0:00:16]} 25. Kf2 {[%clk 0:00:27]} Rxc8
{[%clk 0:00:16]} 26. Bxc8 {[%clk 0:00:27]} Nb4 {[%clk 0:00:15]} 27. Ke2
{[%clk 0:00:26]} Kf8 {[%clk 0:00:14]} 28. Bb7 {[%clk 0:00:26]} Ke7
{[%clk 0:00:12]} 29. Bf3 {[%clk 0:00:21]} e5 {[%clk 0:00:08]} 30. Kd2
{[%clk 0:00:20]} exf4 {[%clk 0:00:07]} 31. exf4 {[%clk 0:00:19]} Na6
{[%clk 0:00:05]} 32. Kd3 {[%clk 0:00:17]} Kd6 {[%clk 0:00:06]} 33. Kc4
{[%clk 0:00:18]} Nc7 {[%clk 0:00:06]} 34. b3 {[%clk 0:00:18]} g6 {[%clk 0:00:04]}
35. Nc5 {[%clk 0:00:18]} g5 {[%clk 0:00:04]} 36. Ne4+ {[%clk 0:00:18]} Ke7
{[%clk 0:00:05]} 37. fxg5 {[%clk 0:00:17]} hxg5 {[%clk 0:00:07]} 38. Kc5
{[%clk 0:00:16]} Ne8 {[%clk 0:00:05]} 39. Kc6 {[%clk 0:00:17]} Bc3
{[%clk 0:00:04]} 40. Nxc3 {[%clk 0:00:14]} a5 {[%clk 0:00:04]} 41. Kb5
{[%clk 0:00:14]} Nd6+ {[%clk 0:00:05]} 42. Kxa5 {[%clk 0:00:14]} 1-0

[Event "Blondes - Brunettes"]
[Site "Moscow"]
[Date "2020.03.15"]
[Round "7.1"]
[White "Kosteniuk, Alexandra"]
[Black "Badelka, Olga"]
[Result "1-0"]
[BlackElo "2153"]
[WhiteElo "2521"]
[LiveChessVersion "1.4.8"]

1. e4 {[%clk 0:03:03]} c5 {[%clk 0:03:03]} 2. c3 {[%clk 0:03:04]} Nf6
{[%clk 0:03:04]} 3. e5 {[%clk 0:03:05]} Nd5 {[%clk 0:03:05]} 4. Nf3
{[%clk 0:03:03]} e6 {[%clk 0:03:03]} 5. d4 {[%clk 0:03:03]} cxd4 {[%clk 0:03:04]}
6. cxd4 {[%clk 0:03:04]} d6 {[%clk 0:03:06]} 7. Bc4 {[%clk 0:02:55]} Nc6
{[%clk 0:03:06]} 8. O-O {[%clk 0:02:43]} Be7 {[%clk 0:03:07]} 9. Qe2
{[%clk 0:02:25]} O-O {[%clk 0:03:04]} 10. Rd1 {[%clk 0:02:22]} b6
{[%clk 0:02:50]} 11. Bxd5 {[%clk 0:02:14]} exd5 {[%clk 0:02:50]} 12. Nc3
{[%clk 0:02:13]} Be6 {[%clk 0:02:41]} 13. Qb5 {[%clk 0:02:10]} Rc8
{[%clk 0:02:37]} 14. Nxd5 {[%clk 0:02:05]} Bxd5 {[%clk 0:02:11]} 15. Qxd5
{[%clk 0:02:06]} dxe5 {[%clk 0:02:11]} 16. dxe5 {[%clk 0:02:04]} Qxd5
{[%clk 0:01:52]} 17. Rxd5 {[%clk 0:02:05]} Nb4 {[%clk 0:01:53]} 18. Rd1
{[%clk 0:02:05]} Bc5 {[%clk 0:01:12]} 19. a3 {[%clk 0:01:32]} Nc2
{[%clk 0:01:09]} 20. Rb1 {[%clk 0:01:33]} Rfd8 {[%clk 0:01:09]} 21. Bg5
{[%clk 0:01:30]} Rxd1+ {[%clk 0:00:26]} 22. Rxd1 {[%clk 0:01:31]} h6
{[%clk 0:00:26]} 23. Bc1 {[%clk 0:01:07]} Nd4 {[%clk 0:00:19]} 24. Kf1
{[%clk 0:01:03]} Nb3 {[%clk 0:00:09]} 25. h4 {[%clk 0:00:43]} Bxf2
{[%clk 0:00:06]} 26. Kxf2 {[%clk 0:00:41]} Nxc1 {[%clk 0:00:06]} 27. Nd4
{[%clk 0:00:35]} Rd8 {[%clk 0:00:03]} 28. Rd2 {[%clk 0:00:18]} a5
{[%clk 0:00:04]} 29. Ke3 {[%clk 0:00:15]} a4 {[%clk 0:00:05]} 30. Rc2
{[%clk 0:00:16]} Nb3 {[%clk 0:00:05]} 31. Nxb3 {[%clk 0:00:17]} axb3
{[%clk 0:00:07]} 32. Rc3 {[%clk 0:00:18]} Rd5 {[%clk 0:00:08]} 33. Ke4
{[%clk 0:00:15]} Rb5 {[%clk 0:00:07]} 34. g4 {[%clk 0:00:12]} g5 {[%clk 0:00:07]}
35. hxg5 {[%clk 0:00:13]} hxg5 {[%clk 0:00:09]} 36. Rc7 {[%clk 0:00:10]} Kf8
{[%clk 0:00:06]} 37. Kf5 {[%clk 0:00:10]} Rd5 {[%clk 0:00:05]} 38. Kf6
{[%clk 0:00:11]} Rd2 {[%clk 0:00:03]} 39. Rc8+ {[%clk 0:00:12]} 1-0

[Event "Blondes - Brunettes"]
[Site "Moscow"]
[Date "2020.03.15"]
[Round "7.2"]
[White "Goryachkina, Aleksandra"]
[Black "Obolentseva, Alexandra"]
[Result "1-0"]
[BlackElo "2113"]
[WhiteElo "2441"]
[LiveChessVersion "1.4.8"]

1. e4 {[%clk 0:03:02]} c5 {[%clk 0:03:00]} 2. Nf3 {[%clk 0:03:02]} d6
{[%clk 0:03:01]} 3. c3 {[%clk 0:03:02]} Nf6 {[%clk 0:02:53]} 4. Be2
{[%clk 0:03:03]} g6 {[%clk 0:02:51]} 5. O-O {[%clk 0:03:02]} Bg7 {[%clk 0:02:52]}
6. Bb5+ {[%clk 0:03:02]} Nbd7 {[%clk 0:02:46]} 7. Re1 {[%clk 0:03:00]} O-O
{[%clk 0:02:44]} 8. d4 {[%clk 0:02:59]} cxd4 {[%clk 0:02:43]} 9. cxd4
{[%clk 0:03:00]} a6 {[%clk 0:02:43]} 10. Bf1 {[%clk 0:02:59]} e5 {[%clk 0:02:35]}
11. Nc3 {[%clk 0:02:53]} exd4 {[%clk 0:02:20]} 12. Nxd4 {[%clk 0:02:53]} Re8
{[%clk 0:02:21]} 13. Bg5 {[%clk 0:02:30]} Qa5 {[%clk 0:02:14]} 14. Bh4
{[%clk 0:02:20]} b5 {[%clk 0:01:36]} 15. Nc6 {[%clk 0:01:50]} Qb6
{[%clk 0:01:32]} 16. Nb4 {[%clk 0:01:43]} Bb7 {[%clk 0:01:28]} 17. Qd2
{[%clk 0:01:31]} Nxe4 {[%clk 0:01:23]} 18. Nxe4 {[%clk 0:01:28]} Bxe4
{[%clk 0:01:22]} 19. Rad1 {[%clk 0:01:26]} a5 {[%clk 0:01:13]} 20. Nd5
{[%clk 0:01:23]} Bxd5 {[%clk 0:01:10]} 21. Qxd5 {[%clk 0:01:24]} Bxb2
{[%clk 0:01:03]} 22. Bxb5 {[%clk 0:01:07]} Qc7 {[%clk 0:00:31]} 23. h3
{[%clk 0:00:59]} Rxe1+ {[%clk 0:00:30]} 24. Rxe1 {[%clk 0:01:00]} Rb8
{[%clk 0:00:30]} 25. Bxd7 {[%clk 0:00:25]} Qxd7 {[%clk 0:00:29]} 26. Qxa5
{[%clk 0:00:24]} Be5 {[%clk 0:00:27]} 27. Qd5 {[%clk 0:00:23]} Qb7
{[%clk 0:00:26]} 28. Qxb7 {[%clk 0:00:17]} Rxb7 {[%clk 0:00:27]} 29. Bg3
{[%clk 0:00:10]} f6 {[%clk 0:00:22]} 30. Bxe5 {[%clk 0:00:07]} fxe5
{[%clk 0:00:22]} 31. Rd1 {[%clk 0:00:08]} Rb6 {[%clk 0:00:23]} 32. a4
{[%clk 0:00:07]} Kf7 {[%clk 0:00:23]} 33. a5 {[%clk 0:00:06]} Ra6
{[%clk 0:00:24]} 34. Rd5 {[%clk 0:00:07]} Ke6 {[%clk 0:00:24]} 35. Rb5
{[%clk 0:00:09]} Ra7 {[%clk 0:00:22]} 36. Kf1 {[%clk 0:00:09]} d5
{[%clk 0:00:20]} 37. Rb6+ {[%clk 0:00:09]} Kd7 {[%clk 0:00:18]} 38. a6
{[%clk 0:00:10]} Kc7 {[%clk 0:00:08]} 39. Rf6 {[%clk 0:00:11]} Ra8
{[%clk 0:00:08]} 40. Ke2 {[%clk 0:00:12]} Kd7 {[%clk 0:00:08]} 41. Kd3
{[%clk 0:00:12]} Ke7 {[%clk 0:00:07]} 42. Rb6 {[%clk 0:00:13]} Kd7
{[%clk 0:00:08]} 43. f3 {[%clk 0:00:14]} Kc7 {[%clk 0:00:08]} 44. Re6
{[%clk 0:00:15]} Kd7 {[%clk 0:00:09]} 45. Rf6 {[%clk 0:00:16]} Ke7
{[%clk 0:00:10]} 46. Rb6 {[%clk 0:00:17]} Kd7 {[%clk 0:00:11]} 47. Kc3
{[%clk 0:00:16]} Rc8+ {[%clk 0:00:09]} 48. Kd3 {[%clk 0:00:12]} Ra8
{[%clk 0:00:10]} 49. h4 {[%clk 0:00:12]} Kc7 {[%clk 0:00:11]} 50. Re6
{[%clk 0:00:13]} Kd7 {[%clk 0:00:10]} 51. Rf6 {[%clk 0:00:09]} Ke7
{[%clk 0:00:10]} 52. Rb6 {[%clk 0:00:10]} Kd7 {[%clk 0:00:11]} 53. g4
{[%clk 0:00:10]} Kc7 {[%clk 0:00:10]} 54. Rf6 {[%clk 0:00:09]} Kd7
{[%clk 0:00:11]} 55. g5 {[%clk 0:00:10]} Ke7 {[%clk 0:00:09]} 56. Rb6
{[%clk 0:00:11]} Kd7 {[%clk 0:00:08]} 57. Ke3 {[%clk 0:00:09]} Ke7
{[%clk 0:00:06]} 58. f4 {[%clk 0:00:09]} d4+ {[%clk 0:00:05]} 59. Ke4
{[%clk 0:00:10]} exf4 {[%clk 0:00:05]} 60. Kxd4 {[%clk 0:00:09]} Rf8
{[%clk 0:00:03]} 61. a7 {[%clk 0:00:09]} 1-0

[Event "Blondes - Brunettes"]
[Site "Moscow"]
[Date "2020.03.15"]
[Round "7.3"]
[White "Bodnaruk, Anastasia"]
[Black "Fominykh, Maria"]
[Result "1-0"]
[BlackElo "2108"]
[WhiteElo "2415"]
[LiveChessVersion "1.4.8"]

1. e4 {[%clk 0:03:02]} d6 {[%clk 0:03:02]} 2. d4 {[%clk 0:03:03]} Nf6
{[%clk 0:03:04]} 3. Nc3 {[%clk 0:03:04]} Nbd7 {[%clk 0:03:05]} 4. g3
{[%clk 0:03:02]} e5 {[%clk 0:03:05]} 5. Nge2 {[%clk 0:03:01]} g6 {[%clk 0:02:59]}
6. Bg2 {[%clk 0:03:02]} Bg7 {[%clk 0:03:00]} 7. O-O {[%clk 0:03:02]} O-O
{[%clk 0:03:01]} 8. h3 {[%clk 0:02:47]} Re8 {[%clk 0:03:01]} 9. Be3
{[%clk 0:02:46]} c6 {[%clk 0:02:56]} 10. a4 {[%clk 0:02:44]} a5 {[%clk 0:02:38]}
11. Qd2 {[%clk 0:02:37]} exd4 {[%clk 0:02:28]} 12. Bxd4 {[%clk 0:02:12]} Ne5
{[%clk 0:02:16]} 13. Kh2 {[%clk 0:01:53]} Nc4 {[%clk 0:00:40]} 14. Qc1
{[%clk 0:01:50]} c5 {[%clk 0:00:33]} 15. Bxf6 {[%clk 0:01:48]} Bxf6
{[%clk 0:00:26]} 16. b3 {[%clk 0:01:46]} Nb6 {[%clk 0:00:23]} 17. Rb1
{[%clk 0:01:13]} Be6 {[%clk 0:00:22]} 18. Rd1 {[%clk 0:01:11]} Qe7
{[%clk 0:00:18]} 19. Nb5 {[%clk 0:01:00]} Rad8 {[%clk 0:00:18]} 20. c4
{[%clk 0:00:56]} Nc8 {[%clk 0:00:15]} 21. Nec3 {[%clk 0:00:52]} Bg7
{[%clk 0:00:14]} 22. Qc2 {[%clk 0:00:46]} f5 {[%clk 0:00:09]} 23. Re1
{[%clk 0:00:45]} Qf7 {[%clk 0:00:10]} 24. f4 {[%clk 0:00:38]} Ne7
{[%clk 0:00:08]} 25. Nc7 {[%clk 0:00:32]} Rf8 {[%clk 0:00:07]} 26. Nxe6
{[%clk 0:00:32]} Qxe6 {[%clk 0:00:08]} 27. Qd2 {[%clk 0:00:21]} Nc6
{[%clk 0:00:09]} 28. Nd5 {[%clk 0:00:18]} Kh8 {[%clk 0:00:08]} 29. Re3
{[%clk 0:00:17]} fxe4 {[%clk 0:00:08]} 30. Rxe4 {[%clk 0:00:17]} Qd7
{[%clk 0:00:07]} 31. Rbe1 {[%clk 0:00:18]} Rde8 {[%clk 0:00:08]} 32. Nb6
{[%clk 0:00:11]} Qc7 {[%clk 0:00:08]} 33. Rxe8 {[%clk 0:00:11]} Qxb6
{[%clk 0:00:05]} 34. Rxf8+ {[%clk 0:00:10]} Bxf8 {[%clk 0:00:06]} 35. Re8
{[%clk 0:00:11]} Kg7 {[%clk 0:00:07]} 36. f5 Qc7 {[%clk 0:00:07]} 37. Qd5
{[%clk 0:00:07]} Qf7 {[%clk 0:00:06]} 38. Qxf7+ {[%clk 0:00:06]} Kxf7
{[%clk 0:00:08]} 39. Rc8 {[%clk 0:00:05]} gxf5 {[%clk 0:00:07]} 40. Bxc6
{[%clk 0:00:06]} bxc6 {[%clk 0:00:09]} 41. Rxc6 {[%clk 0:00:07]} Bh6
{[%clk 0:00:08]} 42. Rxd6 {[%clk 0:00:08]} Bc1 {[%clk 0:00:08]} 43. Rd5
{[%clk 0:00:09]} f4 {[%clk 0:00:08]} 44. Rxc5 {[%clk 0:00:07]} Ke6
{[%clk 0:00:09]} 45. gxf4 {[%clk 0:00:07]} Bxf4+ {[%clk 0:00:09]} 46. Kg2
{[%clk 0:00:09]} Bd2 {[%clk 0:00:10]} 47. Kf3 {[%clk 0:00:09]} h6
{[%clk 0:00:09]} 48. Rd5 {[%clk 0:00:10]} Bb4 {[%clk 0:00:10]} 49. Ke4
{[%clk 0:00:11]} Kf6 {[%clk 0:00:09]} 50. c5 {[%clk 0:00:10]} Ke6
{[%clk 0:00:10]} 51. c6 {[%clk 0:00:13]} Bd6 {[%clk 0:00:11]} 52. Rxa5
{[%clk 0:00:12]} Bc7 {[%clk 0:00:13]} 53. Ra7 {[%clk 0:00:14]} Kd6
{[%clk 0:00:14]} 54. Ra6 {[%clk 0:00:13]} 1-0

[Event "Blondes - Brunettes"]
[Site "Moscow"]
[Date "2020.03.15"]
[Round "7.4"]
[White "Charochkina, Daria"]
[Black "Larina, Maria"]
[Result "1-0"]
[BlackElo "1776"]
[WhiteElo "2332"]
[LiveChessVersion "1.4.8"]

1. b3 {[%clk 0:03:03]} e5 {[%clk 0:03:01]} 2. Bb2 {[%clk 0:03:04]} d6
{[%clk 0:03:03]} 3. e3 {[%clk 0:03:05]} Nc6 {[%clk 0:02:56]} 4. Ne2
{[%clk 0:03:02]} f5 {[%clk 0:02:53]} 5. c4 {[%clk 0:03:01]} Nf6 {[%clk 0:02:54]}
6. d4 {[%clk 0:02:59]} e4 {[%clk 0:02:49]} 7. d5 {[%clk 0:02:59]} Ne5
{[%clk 0:02:50]} 8. Nd4 {[%clk 0:03:00]} g6 {[%clk 0:02:46]} 9. Be2
{[%clk 0:02:53]} Bg7 {[%clk 0:02:47]} 10. O-O {[%clk 0:02:54]} O-O
{[%clk 0:02:47]} 11. Nd2 {[%clk 0:02:36]} Qe7 {[%clk 0:02:48]} 12. Rc1
{[%clk 0:02:36]} Bd7 {[%clk 0:02:31]} 13. b4 {[%clk 0:02:33]} a5 {[%clk 0:02:23]}
14. a3 {[%clk 0:02:15]} axb4 {[%clk 0:02:24]} 15. axb4 {[%clk 0:02:15]} Ra2
{[%clk 0:02:22]} 16. Qb3 {[%clk 0:02:16]} Rfa8 {[%clk 0:02:22]} 17. c5
{[%clk 0:02:13]} Ne8 {[%clk 0:02:08]} 18. Nc4 {[%clk 0:01:58]} Nxc4
{[%clk 0:02:05]} 19. Bxc4 {[%clk 0:01:59]} R2a7 {[%clk 0:01:59]} 20. c6
{[%clk 0:01:52]} Bc8 {[%clk 0:01:50]} 21. cxb7 {[%clk 0:01:30]} Bxb7
{[%clk 0:01:51]} 22. Nc6 {[%clk 0:01:12]} Bxc6 {[%clk 0:01:48]} 23. dxc6+
{[%clk 0:01:12]} Kh8 {[%clk 0:01:45]} 24. b5 {[%clk 0:01:13]} Rb8
{[%clk 0:01:38]} 25. Ra1 {[%clk 0:01:12]} Rxa1 {[%clk 0:01:35]} 26. Rxa1
{[%clk 0:01:12]} Bxb2 {[%clk 0:01:11]} 27. Qxb2+ {[%clk 0:01:13]} Qg7
{[%clk 0:01:07]} 28. Qc1 {[%clk 0:00:45]} Qe5 {[%clk 0:00:57]} 29. g3
{[%clk 0:00:44]} h6 {[%clk 0:00:49]} 30. Bf7 {[%clk 0:00:44]} Qf6 31. Qb1
{[%clk 0:00:13]} Qxf7 {[%clk 0:00:21]} 32. Ra7 {[%clk 0:00:15]} Rb6
{[%clk 0:00:22]} 33. Ra8 {[%clk 0:00:15]} Kg7 {[%clk 0:00:22]} 34. Qb2+
{[%clk 0:00:16]} Nf6 {[%clk 0:00:22]} 35. h3 {[%clk 0:00:17]} h5 {[%clk 0:00:21]}
36. Rd8 {[%clk 0:00:15]} Kh7 {[%clk 0:00:18]} 37. g4 {[%clk 0:00:16]} hxg4
{[%clk 0:00:19]} 38. hxg4 {[%clk 0:00:17]} fxg4 {[%clk 0:00:19]} 39. Kg2
{[%clk 0:00:17]} Qe7 {[%clk 0:00:16]} 40. Rc8 {[%clk 0:00:08]} Ne8
{[%clk 0:00:16]} 41. Qa2 {[%clk 0:00:04]} Rxb5 {[%clk 0:00:12]} 42. Qa8
{[%clk 0:00:05]} Re5 {[%clk 0:00:11]} 43. Rd8 {[%clk 0:00:05]} Qf7
{[%clk 0:00:10]} 44. Rd7 {[%clk 0:00:05]} Re7 {[%clk 0:00:10]} 45. Qd8
{[%clk 0:00:06]} Qf3+ {[%clk 0:00:07]} 46. Kg1 {[%clk 0:00:06]} Qd1+ 47. Kh2 Rxd7
{[%clk 0:00:04]} 48. cxd7 {[%clk 0:00:06]} Ng7 {[%clk 0:00:05]} 49. Qh4+
{[%clk 0:00:07]} Nh5 {[%clk 0:00:05]} 50. d8=Q {[%clk 0:00:08]} Qf3
{[%clk 0:00:04]} 51. Qhe7+ {[%clk 0:00:08]} 1-0